Nennen Sie die Verben, die mit einem Q beginnen - Statistiken

Allgemein
  • Dieses Quiz wurde 191 mal gespielt
  • Das Durchschnittsergebnis liegt bei 10 aus 28
Antwortstatistiken
Antwort % Korrekt
quälen
81%
quaken
74%
quäken
74%
quatschen
63%
quellen
61%
quasseln
57%
quetschen
50%
quietschen
49%
quengeln
48%
queren
46%
quieken
44%
quirlen
37%
qualifizieren
36%
qualmen
33%
quotieren
32%
quadrieren
30%
quantifizieren
29%
quittieren
25%
querschießen
20%
querstellen
20%
querulieren
20%
querlegen
19%
quacksalbern
16%
quergehen
10%
querschreiben
7%
quabbeln
1%
quanteln
1%
quieksen
1%
Keine übereinstimmenden Quizze gefunden
Verteilung der Resultate
Anzahl Personen mit jedem Resultat
Perzentil nach korrekt beantworteten Fragen
Ihre Resultats-Entwicklung
Sie haben dieses Quiz noch nicht gespielt